000 00863nam a2200217 i 4500
001 45113
003 ES-MaACL
005 20230906161146.0
007 t|
008 030325s1961 sp ||||1| spa d
110 2 _aInternational Correspondence Schools.
_95267
245 1 0 _aCircuitos resonantes /
_c[Adaptado por el Departamento de Estudios de CEDECO, Centro Español de Enseñanza por Correspondencia].
250 _a[1ª ed.].
260 _a[Madrid, etc. :
_bEscuelas Internacionales],
_c1961.
300 _a60 p., 3 p. :
_bil. ;
_c19 cm.
490 1 _aEscuelas Internacionales (International Correspondence Schools System) ;
_v7282
650 4 _aCircuitos resonantes.
_9166021
830 0 _aEscuelas Internacionales (International Correspondence Schools System) ;
_v7282
_9182045
852 _aES-MaACL
_j2021-F-17
_bR.47369
999 _c45113
_d45113